000 00427nam a2200181Ia 4500
008 210210b1954 xxu||||| |||| 00| 0 eng d
041 _aeng
082 _a543/186
100 _aRAY (Priyadaranjan)
245 _aOutlines of inorganic chemistry
260 _aCalcutta
_b-
_c1954
300 _a607
650 _aOutlines
650 _ainorganic
650 _achemistry
690 _aInorganic Chemistry
906 _a009591
999 _c127048
_d127048